| 000 | 00899nas a2200289 4500 | ||
|---|---|---|---|
| 001 | BR0400526 | ||
| 003 | BR-BrBNA | ||
| 005 | 20231205104257.0 | ||
| 007 | ta | ||
| 008 | 230509b bl.|||p| |||| 00| 00por d | ||
| 040 |
_aBR-BrBNA _bpor _cBiblioteca Nacional de Agricultura |
||
| 041 | _a(Pt) | ||
| 072 | _aF03 | ||
| 100 | 1 | _aCarneiro, J.W.P. | |
| 100 | 1 | _aGuedes, T.A. | |
| 245 | 1 | _aDinâmica de ocorrências germinativas em amostras de sementes envelhecidas artificialmente: envelhecimento e sobrevivência | |
| 650 | _aSTEVIA | ||
| 650 | _aCENOURA | ||
| 650 | _aSEMENTE | ||
| 650 | _aENVELHECIMENTO PRECOCE | ||
| 650 | _aSOBREVIVÊNCIA | ||
| 650 | _aMODELO MATEMÁTICO | ||
| 650 | _aCONTROLE DE QUALIDADE | ||
| 773 | 0 |
_tInformativo ABRATES (Brazil) _xISSN 0103-667X _g(Dec 2002), v. 12(1-3) p. 44-51 _wBR0400526 |
|
| 909 |
_a202311 _bLúcia _c55 _dLúcia Elande |
||
| 942 |
_2AGRIS _n0 _cANA |
||
| 999 |
_c177314 _d177314 |
||